Trade contractor collateral warranty : (Record no. 121879)
[ view plain ]
| 000 -LEADER | |
|---|---|
| fixed length control field | 00799nam a2200265 a 4500 |
| 005 - DATE AND TIME OF LATEST TRANSACTION | |
| control field | 20240402163458.0 |
| 008 - FIXED-LENGTH DATA ELEMENTS--GENERAL INFORMATION | |
| fixed length control field | 240402s2009 enkk 000 0 eng d |
| 020 ## - INTERNATIONAL STANDARD BOOK NUMBER | |
| ISBN | 9780418851906 (pbk.) |
| 035 ## - SYSTEM CONTROL NUMBER | |
| System control number | (UkOxU)017189866 |
| 035 ## - SYSTEM CONTROL NUMBER | |
| System control number | (UkOxU)017189866BIB01 |
| 035 ## - SYSTEM CONTROL NUMBER | |
| System control number | (StEdALDL)1/2353649 |
| 040 ## - CATALOGING SOURCE | |
| Original cataloging agency | StEdALDL |
| 041 ## - LANGUAGE CODE | |
| Language code of text/sound track or separate title | eng |
| 245 00 - TITLE STATEMENT | |
| Title | Trade contractor collateral warranty : |
| Subtitle | for a funder : TCWa/F. |
| 246 17 - VARIANT TITLE | |
| Title | TCWa/F |
| 260 ## - PUBLICATION INFORMATION | |
| Place of publication | London : |
| Publisher | Thomson Reuters, |
| Date | 2009. |
| 300 ## - PHYSICAL DESCRIPTION | |
| Physical description | ii, 21 p. : |
| Other physical details | forms ; |
| Dimensions | 30 cm. |
| 500 ## - GENERAL NOTE | |
| General note | Cover title. |
| 500 ## - GENERAL NOTE | |
| General note | "Construction management"--Foot of cover. |
| 650 #0 - KEYWORDS | |
| Keywords | Construction contracts |
| Geographic subdivision | Great Britain. |
| 650 #0 - KEYWORDS | |
| Keywords | Warranty |
| Geographic subdivision | Great Britain. |
| 651 ## - SUBJECT ADDED ENTRY--GEOGRAPHIC NAME | |
| Geographic name | United Kingdom |
| 710 2# - ADDED CORPORATE NAME | |
| Added corporate author | Joint Contracts Tribunal. |
| 942 ## - ADDED ENTRY ELEMENTS (KOHA) | |
| Suppress in OPAC | Do not suppress in OPAC |
| Lost status | Damaged status | Not for loan | Home library | Current library | Shelving location | Date acquired | Total Checkouts | Full call number | Date last seen | Price effective from | Koha item type |
|---|---|---|---|---|---|---|---|---|---|---|---|
| London | London | Boxed set | 02/04/2024 | JCT 2008/19 | 02/04/2024 | 02/04/2024 | Reference material |